| 000 | 00417 a2200145 4500 | ||
|---|---|---|---|
| 040 |
_aDLC _bDLC |
||
| 082 | _a 301.08 | ||
| 100 | _a Ross, H. Laurence | ||
| 245 |
_aPrespectives on the social order: Readings in sociology _cH. Laurence Ross, |
||
| 260 |
_aIslamabad: _bNational Book Foundation, _c1968. |
||
| 300 |
_a467 p. _c; 24 cm. |
||
| 500 | _aIncludes Index | ||
| 650 | _aSociology. | ||
| 942 |
_cBK _k301.08 ROS _2ddc |
||
| 999 |
_c7217 _d7217 |
||